000
00287nam a22001337a 4500
020
_a
186-197-733-6
082
_a
823
_b
TRU/G
100
_a
TRUSS, LYNNE
245
_a
GOING LOCO
260
_a
LONDON
_b
PROFILE BOOKS
_c
2004
300
_a
244
650
_a
NOVEL
_z
UNITED KINGDOM
942
_c
BK
999
_c
4042
_d
4042